00614nam a2200157 a 450000100100000000500170001000800410002704000250006808200160009310000300010924501240013926000750026330000180033850000730035650400270042900003078520200930062517.0110530s1953 dr r 000 0 spa d aDO-SdBNPbspacBNPHU axxxxbS211d1 aSánchez, Juan Francisco10a"De rerum natura", el poema filosófico de Lucrecio :b(estudio crítico y filósofico) /cJuan Francisco Sánchez. aCiudad Trujillo, República Dominicana, :bEditora del Caribe,c1953. a83 p.a19 cm. aIncluye referencias bibliográficas y notas al pie de las páginas aBibliografía : p. 83